000 01549cam a2200361 a 4500
999 _c1262
_d1262
001 12346418
003 OSt
005 20221227133343.0
008 010314s2001 nyua c 000 1 eng
010 _a 2001024326
020 _a9780064408660
020 _a0066239192 (lib. bdg.)
040 _aDLC
_cDLC
_dDLC
_dKH8
042 _alcac
082 0 0 _aFIC SNI
_221
100 1 _aSnicket, Lemony.
_eAUTHOR
245 1 4 _aThe Hostile Hospital /
_cby Lemony Snicket ; illustrations by Brett Helquist.
260 _aNew York :
_bHarperCollins Publishers,
_c2001.
300 _a255 p. :
_bill. ;
_c19 cm.
490 1 _aA series of unfortunate events ;
_vbk. 8
520 _aOn the run after being falsely accused of murder, the three Baudelaire orphans find themselves in the Heimlich Hospital, with the evil Count Olaf in close pursuit.
650 1 _aOrphans
_vFiction.
650 1 _aBrothers and sisters
_vFiction.
650 1 _aHospitals
_vFiction.
650 1 _aHumorous stories.
700 1 _aHelquist, Brett,
_eill.
800 1 _aSnicket, Lemony.
_tSeries of unfortunate events ;
_vbk. 8.
856 4 2 _3Publisher description
_uhttp://www.loc.gov/catdir/description/hc042/2001024326.html
856 4 2 _3Contributor biographical information
_uhttp://www.loc.gov/catdir/enhancements/fy0911/2001024326-b.html
906 _a7
_bcbc
_corignew
_d1
_eocip
_f20
_gy-gencatlg
942 _2ddc
_cFIC